| 000 | 00616nam a2200241 a 4500 | ||
|---|---|---|---|
| 001 | nice12345678 | ||
| 003 | IN_TiNIC | ||
| 005 | 20260116013055.0 | ||
| 008 | 050524s1997 lona grp 000 0 eng | ||
| 020 |
_a0415656 _c961.26 |
||
| 082 | 0 | 0 |
_a181 _bBIL |
| 100 | _aBillington, Ray | ||
| 245 | _aUnderstanding Eastern Philosophy | ||
| 260 |
_aLondon _bRoutledge Chapman Hall _c1997 |
||
| 300 | _a197p | ||
| 500 | _aincludes index and biblioraphy | ||
| 505 | 2 | _aBibliography, Index | |
| 650 | _aPhilosophy-Oriental | ||
| 700 | 1 | _aBillington, Ray | |
| 902 | _bSRS | ||
| 942 | _cBK | ||
| 999 |
_c9539 _d9539 |
||